header

Language politics in contemporary Central Asia (Record no. 91353)

MARC details
000 -LEADER
fixed length control field 01356nam a2200325 a 4500
100 1# - MAIN ENTRY--AUTHOR NAME
Personal name Kellner-Heinkele, Barbara.
245 10 - TITLE STATEMENT
Title Language politics in contemporary Central Asia
260 ## - PUBLICATION, DISTRIBUTION, ETC. (IMPRINT)
Place of publication London :
Name of publisher I.B. Tauris,
Year of publication 2012.
300 ## - PHYSICAL DESCRIPTION
Number of Pages 267 p., [3] p. of plates :
Other physical details ill, map.
650 #0 - SUBJECT ADDED ENTRY--TOPICAL TERM
Topical Term Ethnicity
Topical Term Post-communism
700 1# - ADDED ENTRY--PERSONAL NAME
Personal name Landau, Jacob M.
856 40 - ELECTRONIC LOCATION AND ACCESS
Uniform Resource Identifier http://site.ebrary.com/lib/rucke/Doc?id=10554343

No items available.

© 2026 Rongo University
Contact us: librarian | system librarian | Rongo university